| 000 | 00343nam a22001457a 4500 | ||
|---|---|---|---|
| 003 | SGT | ||
| 020 | _a978-93-5025-101-0 | ||
| 082 |
_a610 _bR13G |
||
| 100 | _aGOYAL, R.C. | ||
| 245 | _aRESEARCH METHODOLOGY FOR HEALTH PROFESSIONAL | ||
| 260 |
_aINDIA _bJAYPEE _c2013 |
||
| 300 | _a288 | ||
| 650 | _aRESEARCH METHODOLOGY | ||
| 942 |
_2ddc _cBK _010 |
||
| 999 |
_c10552 _d10552 |
||